000 02575cam a2200433Ia 4500
001 ocn825553184
003 OSt
005 20141107171401.0
008 130128s2012 cau b 000 0 chi d
020 _a1932184546 (v.1)
020 _a9781932184549 (v.1)
020 _a1932184570 (v.2)
020 _a9781932184570 (v.2)
035 _a(OCoLC)825553184
040 _aCNTCS
_cCNTCS
_dCNTCS
_dLGV
041 1 _achi
_heng
049 _aLGVC
050 4 _aBS511.3
_b.C65312 2012
130 0 _aCommentary on the New Testament use of the Old Testament.
_lChinese
245 0 0 _a新約引用舊約 Xin yue yin yong jiu yue = Commentary on the New Testament use of the Old Testament {ch} /
_c英文版主編畢爾(G.K. Beale), 卡森(D.A. Carson) ; 中文版主編潘秋松 ; 譯者金繼宇, 于卉等. 潘秋松. 金繼宇. 于卉. ; ; G K Beale; D A Carson; Qiusong Pan; Jiyu Jin; Ying wen ban zhu bian Bi'er = G.K. Beale, Kasen = D.A. Carson ; Zhong wen ban zhu bian Pan Qiusong ; yi zhe Jin Jiyu, Yu Hui deng.
250 _a(Fan ti zi Zhong wen ban) Chu ban.
260 _aSouth Pasadena,Calif. :
_bMeiguo mai zhong chuan dao hui ,
_cc2012.
300 _a2 v. (xxxvi, 1724 p.) ;
_c27 cm.
336 _2rdacontent
337 _2rdamedia
338 _2rdacarrier
490 1 _a麥種聖經註釋 Mai zhong sheng jing zhu shi
500 _aTranslation of : Commentary on the New Testament use of the Old Testament / edited by G.K. Beale and D.A. Carson ; Grand Rapids, Mich. : Baker Academic ; Nottingham, England : Apollos, 2007.
504 _aIncludes bibliographical references.
505 _aEnglish contents : Matthew / Craig L. Blomberg -- Mark / Rikk E. Watts -- Luke / David W. Pao and Eckhard J. Schnabel -- John / Andreas J. Köstenberger -- Acts / I. Howard Marshall -- Romans / Mark A. Seifrid -- 1 Corinthians / Roy E. Ciampa and Brian S. Rosner -- 2 Corinthians / Peter Balla -- Galatians / Moisés Silva -- Ephesians / Frank S. Thielman -- Philippians / Moisés Silva -- Colossians / G.K. Beale -- 1-2 Thessalonians / Jeffrey A.D. Weima -- 1-2 Timothy and Titus / Philip H. Towner -- Hebrews / George H. Guthrie -- James, 1 Peter, 2 Peter, 1-3 John, Jude / D.A. Carson -- Revelation / G.K. Beale and Sean M. McDonough.
630 0 0 _aBible.
_pN.T.
_xCriticism, interpretation, etc. {ch}.
630 0 0 _aBible.
_pN.T.
_xRelation to the Old Testament {ch}.
700 1 _aBeale, G. K.
_q(Gregory K.),
_d1949-
700 1 _aCarson, D. A.
_9144
700 1 _aPan, Qiusong.
700 1 _aJin, Jiyu.
700 1 _aYu, Hui.
942 _2lcc
_cBK
999 _c37523
_d37523